00434nam a2200181Ia 4500003000400000005001700004008004100021040000700062041000800069082002300077100003100100245004500131260000900176365001400185440000600199650003100205650001600236OSt20230606111926.0210423s1968 xx 000 0 und d cAL aeng a361.303 223bINDE aINDIA PUBLICATION DIVISION aEncyclopedia of social work in India. V1 c1968 b1132cINR v1 aSocial Problems & Services aSocial Work